Bestie : po stopách největšího sériového vraha všech dob /
Románově zpracovaný příběh kolumbijského sériového vraha.
Uloženo v:
| Hlavní autor: | |
|---|---|
| Další autoři: | |
| Médium: | E-kniha |
| Jazyk: | Czech |
| Vydáno: |
Praha :
Dobrovský s.r.o.,
2025
|
| Edice: | Vendeta
True crime (Dobrovský) |
| Témata: | |
| Tagy: |
Žádné tagy |
| LEADER | 03310nam a2200649 i 4500 | ||
|---|---|---|---|
| 001 | 312759 | ||
| 003 | CZ PrSKC | ||
| 005 | 20260601215728.0 | ||
| 007 | ta | ||
| 008 | 250624s2025 xr g 000 fbcze | ||
| 015 | |a cnb003568093 | ||
| 020 | |a 9788027724512 |q (vázáno) : |c Kč 499,00 | ||
| 035 | |a (OCoLC)1559932224 | ||
| 040 | |a ABG001 |b cze |d ABA001 |e rda | ||
| 041 | 1 | |a cze |h pol | |
| 043 | |a s-ck--- | ||
| 045 | |a x-y- | ||
| 072 | 7 | |a 821.162.1 |x Polská literatura |2 Konspekt | |
| 072 | 7 | |a 929 |x Biografie |2 Konspekt | |
| 080 | |a 821.162.1-31 |2 MRF | ||
| 080 | |a 343.611-051 |2 MRF | ||
| 080 | |a 929 |2 MRF | ||
| 080 | |a (862) |2 MRF | ||
| 080 | |a (0:82-312.6) |2 MRF | ||
| 100 | 1 | |a Piotrowski, Przemysław, |d 1982- |7 xx0333654 |4 aut | |
| 240 | 1 | 0 | |a Bestia. |l Česky |
| 245 | 1 | 0 | |a Bestie : |b po stopách největšího sériového vraha všech dob / |c Przemysław Piotrowski ; přeložil Robert Pilch |
| 264 | 1 | |a Praha : |b Dobrovský s.r.o., |c 2025 | |
| 300 | |a 348 stran ; |c 21 cm | ||
| 336 | |a text |b txt |2 rdacontent | ||
| 337 | |a bez média |b n |2 rdamedia | ||
| 338 | |a svazek |b nc |2 rdacarrier | ||
| 490 | 1 | |a Vendeta | |
| 490 | 1 | |a True crime | |
| 500 | |a Přeloženo z polštiny | ||
| 520 | 2 | |a Románově zpracovaný příběh kolumbijského sériového vraha. |b Luis Alfredo Garavito Cubillos, zvaný „Bestie“, je nejstrašnější a nejkrutější sériový vrah v celosvětových dějinách, obžalovaný a následně odsouzený za vraždy sto třiceti osmi dětí, i když některé odhady naznačují, že obětí mohlo být až šest set! Dodnes jsou na území Kolumbie, Ekvádoru a Venezuely nalézány ostatky, které mají souvislost s jeho zločineckou činností. Toto je příběh jednoho z nejhrozivějších sériových vrahů všech dob... Nakladatelská anotace. Kráceno. | |
| 600 | 1 | 7 | |a Garavito Cubillos, Luis Alfredo, |d 1957-2023 |7 xx0334019 |2 czenas |
| 648 | 7 | |a 20.-21. století |7 ch462155 |2 czenas | |
| 650 | 0 | 7 | |a sérioví vrazi |7 ph274687 |z Kolumbie |y 20.-21. století |2 czenas |
| 650 | 0 | 7 | |a sériové vraždy |7 ph166559 |z Kolumbie |y 20.-21. století |2 czenas |
| 650 | 0 | 7 | |a kriminální případy |7 ph121958 |z Kolumbie |y 20.-21. století |2 czenas |
| 650 | 0 | 7 | |a policejní vyšetřování |7 ph158343 |z Kolumbie |y 20.-21. století |2 czenas |
| 650 | 0 | 9 | |a serial murderers |z Colombia |y 20th-21st centuries |2 eczenas |
| 650 | 0 | 9 | |a serial murderers |z Colombia |y 20th-21st centuries |2 eczenas |
| 650 | 0 | 9 | |a serial murders |z Colombia |y 20th-21st centuries |2 eczenas |
| 650 | 0 | 9 | |a criminal cases |z Colombia |y 20th-21st centuries |2 eczenas |
| 650 | 0 | 9 | |a police enquiry |z Colombia |y 20th-21st centuries |2 eczenas |
| 655 | 7 | |a literatura faktu |7 fd132773 |2 czenas | |
| 655 | 9 | |a non-fiction |2 eczenas | |
| 700 | 1 | |a Pilch, Robert, |d 1976- |7 xx0046844 |4 trl | |
| 830 | 0 | |a Vendeta | |
| 830 | 0 | |a True crime (Dobrovský) | |
| 900 | |a ABA001 |b 20 | ||
| 044 | |a xr | ||
| 910 | |a RBIT002 | ||
| 998 | |d 421238 |a https://core.palmknihy.cz/api/books/421238/cover?syrptf |b https://core.palmknihy.cz/api/books/421238/cover/400?syrptf |c https://core.palmknihy.cz/api/books/421238/cover/50?syrptf |e 2028-06-15 |g 352 |i 9788027724512 |j https://core.palmknihy.cz/api/books/421238/preview.epub |k https://core.palmknihy.cz/api/books/421238/preview.pdf |l |q 49 |r 1 |s https://www.palmknihy.cz/kniha/421238 |t ebook |y 2025 |z 0 | ||
| 999 | |d 312757 | ||